Memoria acerca de lo que son las Casas de Préstamos ... y de la influencia que ejercen en la vida social y necesidades privadas, respondiendo al cuestionario número 176 del folleto que ha publicado La Comisión nombrada para la mejora y bienestar de la clase obrera / (Record no. 33876)

MARC details
000 -LEADER
campo de control de longitud fija 00776nam a2200181 i 4500
001 - NÚMERO DE CONTROL
campo de control 33876
003 - IDENTIFICADOR DE NÚMERO DE CONTROL
campo de control ES-MaACL
005 - FECHA Y HORA DE LA ÚLTIMA TRANSACCIÓN
campo de control 20230906154833.0
007 - CAMPO FIJO DE DESCRIPCIÓN FÍSICA--INFORMACIÓN GENERAL
campo de control de longitud fija t|
008 - DATOS DE LONGITUD FIJA--INFORMACIÓN GENERAL
campo de control de longitud fija 030203s1884 sp ||||1| spa d
100 1# - ENTRADA PRINCIPAL--NOMBRE DE PERSONA
Nombre de persona Blas y Martín, Juan de Dios.
9 (RLIN) 29357
245 10 - MENCIÓN DEL TÍTULO
Título Memoria acerca de lo que son las Casas de Préstamos ... y de la influencia que ejercen en la vida social y necesidades privadas, respondiendo al cuestionario número 176 del folleto que ha publicado La Comisión nombrada para la mejora y bienestar de la clase obrera /
Mención de responsabilidad, etc. por [Juan de Dios Blas].
260 ## - PUBLICACIÓN, DISTRIBUCIÓN, ETC.
Lugar de publicación, distribución, etc. Madrid :
Nombre del editor, distribuidor, etc. [s.n.],
Fecha de publicación, distribución, etc. 1884 (
Fabricante Imp. de Montegrifo)
300 ## - DESCRIPCIÓN FÍSICA
Extensión 50 p. ;
Dimensiones 20 cm.
500 ## - NOTA GENERAL
Nota general Autor tomado del final del texto.
650 04 - PUNTO DE ACCESO ADICIONAL DE MATERIA--TÉRMINO DE MATERIA
Término de materia o nombre geográfico como elemento de entrada Préstamos.
9 (RLIN) 16397
852 ## - LOCALIZACIÓN
Ubicación ES-MaACL
Número de control de estantería T-420-F-9
Holdings
Estatus retirado Estado de pérdida Estado de daño No para préstamo Colección Biblioteca de origen Biblioteca actual Ubicación en estantería Fecha de adquisición Fuente de adquisición Total de préstamos Signatura topográfica completa Código de barras Visto por última vez Precio de reemplazo Tipo de ítem Koha
        Colección de folletos Biblioteca del Ateneo de Madrid Biblioteca del Ateneo de Madrid Depósito folletos 17/01/2008     T-420-F-9 1035274 23/02/2023 23/02/2023 Folleto